| 000 | 01637nam0a2200349 4500 | ||
|---|---|---|---|
| 001 | RU\NLR\bibl\83786 | ||
| 005 | 20260405122602.0 | ||
| 021 |
_aRU _b1999-51914 _92573 |
||
| 035 | _a(NLR Aleph) 000081833 | ||
| 090 |
_a455937 _c455937 |
||
| 100 | _a20000504d1999 |||y0rusy50 ca | ||
| 101 | 0 |
_arus _ager |
|
| 102 | _aRU | ||
| 105 | _aa ||||||||| | ||
| 200 | 1 |
_aГрамматика немецкого язык _e(Морфология) _eПравила и упражнения _fТ.С. Власова, Г.В. Скрипкина, Л.К. Хакимова _gМ-во общ. и проф. образования Рос. Федерации, Орл. гос. ун-т |
|
| 210 |
_aОрел _cОГУ _d1999 |
||
| 215 |
_a258 с. _cил. _d20 |
||
| 300 | _aНа обороте тит. л. авт.: кандидаты фил. наук ВласоваТ.С., Скрипкина Г.В., Хакимова Л.К. | ||
| 606 | 0 |
_aНемецкий язык _jУчебные издания _xГрамматика _91717972 _3RU\NLR\auth\66766406 |
|
| 686 | _aШ143.24-93рус2-2 | ||
| 686 | _aШ143.24-93рус3-2 | ||
| 686 | _aШ143.24-93рус53 | ||
| 686 | _aШ143.24-93рус8 | ||
| 700 | 1 |
_4070 _7ca _8rus _aВласова _bТ. С. _cканд. пед. наук _gТатьяна Семеновна _931338 _3RU\NLR\auth\7748403 |
|
| 701 | 1 |
_4070 _7ca _8rus _aСкрипкина _bГ. В. _gГалина Васильевна _931336 _3RU\NLR\auth\7748401 |
|
| 701 | 1 |
_aХакимова _bЛ. К. _4070 |
|
| 801 | 0 |
_aRU _bNLR _c20000504 _gPSBO |
|
| 801 | 1 |
_aRU _bNLR _c20000504 |
|
| 852 |
_aNLR _j2000-3/2238 |
||
| 942 | _cBOOK | ||
| 980 | _aNB | ||